Delaney Dilemma: Regulating Pesticide Residues in Foods- : Seminar Proceedings, March 16, 1993.

Presents condensed transcripts of a CRS seminar on the problems posed by the Delaney clause's "zero risk" mandate for regulation of pesticide residues in foods. Includes addresses by representatives of concerned Federal agencies, the Natural Resources Defense Council, and the National...

Full description

Bibliographic Details
Corporate Authors: Library of Congress. Congressional Research Service, ProQuest (Firm)
Format: eBook
Language:English
Published: [Place of publication not identified] : [publisher not identified], 1993.
Series:U.S. Congressional Research.
Subjects:
Online Access:Connect to the full text of this electronic book

MARC

Tag First Indicator Second Indicator Subfields
LEADER 00000cam a22000001a 4500
001 in00003355021
006 m d f
007 cr bn mmmapmmp
008 100715s1993 dcu o f000 0 eng d
005 20260430195852.5
035 |a cis2007887055 
040 |a ProQuest  |c ProQuest  |d UtOrBLW 
043 |a n-us--- 
099 |a CRS-1993-SPR-0031 
110 2 |a Library of Congress.  |b Congressional Research Service. 
245 1 0 |a Delaney Dilemma: Regulating Pesticide Residues in Foods- :  |b Seminar Proceedings, March 16, 1993. 
264 1 |a [Place of publication not identified] :  |b [publisher not identified],  |c 1993. 
300 |a 1 online resource. 
336 |a text  |b txt  |2 rdacontent 
337 |a computer  |b c  |2 rdamedia 
338 |a online resource  |b cr  |2 rdacarrier 
500 |a Record is based on bibliographic data in ProQuest U.S. Congressional Research Digital Collection (last viewed July 2010). Reuse except for individual research requires license from ProQuest, LLC. 
500 |a CRS Report. 
520 |a Presents condensed transcripts of a CRS seminar on the problems posed by the Delaney clause's "zero risk" mandate for regulation of pesticide residues in foods. Includes addresses by representatives of concerned Federal agencies, the Natural Resources Defense Council, and the National Food Processors Association. 
500 |a Electronic resource. 
650 0 |a Food adulteration and inspection. 
650 0 |a Pesticides. 
650 0 |a Risk assessment. 
655 7 |a Electronic books.  |2 local 
710 2 |a ProQuest (Firm) 
776 0 8 |i Microfiche version:   |a Library of Congress.  |b Congressional Research Service.  |t Delaney Dilemma Regulating Pesticide Residues in Foods-- 
830 0 |a U.S. Congressional Research. 
856 4 0 |u http://proxy.library.tamu.edu/login?url=https://congressional.proquest.com/congcomp/getdoc?CRDC-ID=CRS-1993-SPR-0031  |z Connect to the full text of this electronic book  |t 0 
999 |a MARS 
999 f f |s d518e680-c037-38d5-ae98-ebcceac8c217  |i 9fccf580-1a76-38c7-a8e1-577012837a85  |t 0 
952 f f |a Texas A&M University  |b College Station  |c Electronic Resources  |s www_evans  |d Available Online  |t 0  |e CRS-1993-SPR-0031  |h Other scheme 
998 f f |a CRS-1993-SPR-0031  |t 0  |l Available Online